000 00485nam a2200169 a 4500
001 38024
005 20180714011151.0
008 140415s1976 000 0 spa d
041 _aspa
082 _a813
_bVOS
100 1 _aVOSS, ARTHUR
245 1 3 _aLA NOVELA CORTA AMERICANA :
_bORIGEN, DESARROLLO Y PERSPECTIVAS
260 _a[s.l.] :
_bEDITORES ASOCIADOS,
_c1976
300 _a300
650 1 4 _aNOVELA NORTEAMERICANA
700 1 _aGONZALEZ DE GALVAN, EMMA
_etr.
999 _c38024
_d38024